Hydro-electric engineering for civil engineers / (Record no. 9582)
[ view plain ]
| 000 -LEADER | |
|---|---|
| fixed length control field | 00451cam a2200169ua 4500 |
| 003 - CONTROL NUMBER IDENTIFIER | |
| control field | OSt |
| 008 - FIXED-LENGTH DATA ELEMENTS--GENERAL INFORMATION | |
| fixed length control field | 241223b |||||||| |||| 00| 0 eng d |
| 020 ## - INTERNATIONAL STANDARD BOOK NUMBER | |
| ISBN | 0-41-22253-01 |
| 041 ## - LANGUAGE CODE | |
| Language code of text/sound track or separate title | eng |
| 082 ## - DEWEY DECIMAL CLASSIFICATION NUMBER | |
| Classification number | 621.312 134 |
| Item number | LEL/HY |
| 100 ## - MAIN ENTRY--AUTHOR NAME | |
| Personal name | Leliavsky, Serge . |
| 245 ## - TITLE STATEMENT | |
| Title | Hydro-electric engineering for civil engineers / |
| 250 ## - EDITION STATEMENT | |
| Edition statement | 1 / |
| 260 ## - PUBLICATION, DISTRIBUTION, ETC. (IMPRINT) | |
| Place of publication | New Delhi : |
| Name of publisher | Oxford & IBH Publishing company , |
| Year of publication | 1982. |
| 300 ## - PHYSICAL DESCRIPTION | |
| Number of Pages | 135 ; . |
| 942 ## - ADDED ENTRY ELEMENTS (KOHA) | |
| Koha item type | Books |
| Withdrawn status | Lost status | Damaged status | Home library | Current library | Date acquired | Full call number | Accession Number | Koha item type |
|---|---|---|---|---|---|---|---|---|
| KAUAET | KAUAET | 07/04/2012 | 621.312 134 LEL/HY | 14652 | Books | |||
| KAUAET | KAUAET | 01/09/1986 | 621.312 134 LEL/HY | 15561 | Books |
